Word Ladder: When You're Not Strong Quiz Stats

 Plays Quiz Updated Aug 25, 2012

Support Sporcle.
Go Orange.
Score 0/24 Timer 03:00
0 Plays Today
Clue 4-Letter Word % Correct
Kidney or green, e.g.BEAN
95.6%
★Skinny, or to rest against something for support ★★LEAN★
93.6%
'One Week' band '____naked Ladies'BARE
93.4%
ABC TV Show, '____ Upon A Time'ONCE
91.6%
'Can't hit the broad side of a ____'BARN
88.7%
1999 film '____ Wide Shut' EYES
88.3%
ScarceRARE
87.9%
Capital of SwitzerlandBERN
87.7%
CBS TV Show, 'The Amazing ____'RACE
87%
Unwelcome picnic guestsANTS
82.8%
A law or regulationRULE
78.2%
Grains used for bread and whiskeyRYES
75.3%
Clue 4-Letter Word % Correct
HatchetsAXES
75.2%
A type of bet in pokerANTE
73.8%
The 'R' in RBIRUNS
73.7%
George Strait's lived in TexasEXES
70.7%
White or wild, e.g.RICE
69.2%
Piece of writing using mysterious symbolsRUNE
67.6%
Suffix meaning, 'the state or condition of'-ANCE
66.3%
RegretsRUES
64.4%
★A-ha's 'Take ____ ____' ★★ON ME★
63.9%
Points scored on serviceACES
63.9%
New Testament BookACTS
63.5%
To irritateRILE
63.4%

Today's Daily Dose

Missing Word
Paddington 2 Cast

Word Ladder
Time After Time

Quick Pick
'World' Movies

You're not logged in!

Compare scores with friends on all Sporcle quizzes.
OR
Log In

From the Vault

Countries by 6-Letter City

by Pilgab

You might have already guessed this, but Antananarivo will not be appearing in this quiz.
Remove Ads.
Support Sporcle.
Get the best of Sporcle when you Go Orange. This ad-free experience offers more features, more stats, and more fun while also helping to support Sporcle. Thank you for becoming a member.

Show Comments

Extras

Top Quizzes Today


Score Distribution

Your Account Isn't Verified!

In order to create a playlist on Sporcle, you need to verify the email address you used during registration. Go to your Sporcle Settings to finish the process.

Report this User

Report this user for behavior that violates our Community Guidelines.

Details: